Statystyki dla Za odnalezienie czego zaoferowałbyś nagrodę?

Kliknij tutaj aby rozwiązać quiz!

Ogólne statystyki

  • Ten quiz został rozwiązany 7 razy
  • Średni wynik to 4 z 6

Statystyki odpowiedzi

Odpowiedź% Poprawnych
Portfela
100%
Kota
83%
Psa
83%
Dokumentów
67%
Telefonu
50%
Zaginionej osoby
0%

Rozkład punktacji

Percentyl według liczby udzielonych odpowiedzi

Procent ludzi z każdym wynikiem

Twoja historia wyników

Nie rozwiązałeś tego quizu